000 01336nam2a22002891 4500
001 rc\2231498
005 20110829180940.9
035 _a(NLR Aleph) 006496369
090 _a6185517
_c6185517
100 _a20110829d1978 |||y0rusy50 ca
101 0 _arus
102 _aRU
105 _ay z |||||
200 1 _aКоммерческая работа оптовых предприятий
_fИ.Д. Барчук, П.И. Вахрин, Г.М. Камзолова, В.К. Памбухчиянц
210 _d1978
215 _a123 с.
320 _aБиблиогр. в конце разд.
461 0 _1001rc\2231497
_12001#$aТорговые ситуации$eУчеб. пособие для студентов товаровед. фак.$fЦентросоюз СССР, Моск. кооп. ин-т$vЧ. 1
_96185510
_cМосква
_d1978
_fЦентросоюз СССР, Моск. кооп. ин-т
_nМКИ
_oУчеб. пособие для студентов товаровед. фак.
_tТорговые ситуации
_vЧ. 1
701 1 _aКамзолова
_bГ. М.
701 1 _aПамухчиянц
_bВ. К.
701 1 _aВахрин
_bП. И.
701 1 _aБарчук
_bИ. Д.
_gИван Данилович
801 0 _aRU
_bNLR
_gpsbo
801 1 _aRU
_bELAR
_2rusmarc
852 _aNLR
_j79-3/486
942 _cBOOK
980 _aNB